000 00574nam a2200229Ia 4500
003 OSt
005 20220924151853.0
006 a|||||r|||| 00| 0
007 ta
008 220923b |||||||| |||| 00| 0 mar d
024 _a339411
037 _cTextual
040 _aARTS
_cARTS
_bmar
041 _2mar
_amar
082 _aO155:g, K0
100 _aPhadake N.S. Au.
_9225141
245 0 _aPratibha Sadhan
260 _c1960
650 _aMARATHI LITERATURE
_938000
942 _hO155:g, K0
_cTEXL
_2CC
999 _c467901
_d467901